Tabela Premier League 2011/2012 - Statystyki

Ogólne statystyki
  • Ten quiz został rozwiązany 232 razy
  • Średni wynik to 12 z 20
Statystyki odpowiedzi
msc pkt # klub % Poprawnych
1 89 Manchester City
100%
2 89 M Manchester United
100%
8 52 PL Liverpool
95%
4 69 Tottenham
89%
6 64 P Chelsea Londyn
82%
3 70 Arsenal Londyn
81%
7 56 Everton
79%
5 65 Newcastle
68%
16 38 Aston Villa
67%
13 45 Sunderland
56%
12 47 B Norwich
53%
9 52 Fulham
50%
17 37 B QPR
50%
11 47 B Swansea
47%
14 45 Stoke
43%
19 31 Blackburn
40%
10 47 West Bromwich
36%
18 36 Bolton
35%
20 25 Wolves
31%
15 43 Wigan Athletic
24%
Nie znaleziono quizów pasujących do podanych kryteriów
Rozkład punktacji
Procent ludzi z każdym wynikiem
Percentyl według liczby udzielonych odpowiedzi
Twoja historia wyników
Nie rozwiązałeś tego quizu